| 000 | 00412 a2200145 4500 | ||
|---|---|---|---|
| 999 |
_c4432 _d4432 |
||
| 020 | _a978007017298 | ||
| 050 | _aQA 154.2 COB 2010 | ||
| 100 |
_aCoburn, W. John _eauthor |
||
| 245 |
_aPrecalculus _cJohn W. Coburn |
||
| 264 |
_aNew York _bMcGraw-Hill _c2010 |
||
| 300 |
_axxxix, 1072p. : _bill. [col.] |
||
| 500 | _aincludes index and appendix | ||
| 650 | _aPrecalculus | ||
| 942 |
_2lcc _cBK _e2nd ed _h154.2 _iCOB _kQA |
||